Aplikácia pre výpočet produktivity ľudskej práce na výrobných linkách, jej ohodnocovanie, štatistiky a výpočet bonusov = Application for human productivity counting on the production lines, work rating, statistic and bonuses counting : Diplomová práca
Saved in:
| Main Author: | |
|---|---|
| Other Authors: | |
| Format: | Manuscript Book |
| Language: | Slovak |
| Published: |
Trnava :
STU v Bratislave MTF UIAM,
2008
|
| Subjects: | |
| Tags: |
No Tags, Be the first to tag this record!
|
MARC
| LEADER | 00000ntm a22000003a 4500 | ||
|---|---|---|---|
| 001 | stu159049 | ||
| 005 | 20160719155806.0 | ||
| 008 | 080304s2008----xo------------------slo-d | ||
| 040 | |a STU |b slo | ||
| 041 | 0 | |a slo | |
| 044 | |a xo | ||
| 100 | 1 | |a Sobinovský, Ľubomír |4 aut | |
| 245 | 1 | |a Aplikácia pre výpočet produktivity ľudskej práce na výrobných linkách, jej ohodnocovanie, štatistiky a výpočet bonusov = Application for human productivity counting on the production lines, work rating, statistic and bonuses counting : |b Diplomová práca | |
| 260 | |a Trnava : |b STU v Bratislave MTF UIAM, |c 2008 | ||
| 300 | |a 60 s |c 1 CD-ROM | ||
| 500 | |a Program: Automatizácia a informatizácia procesov | ||
| 650 | 7 | |a manažment výroby |2 stusub | |
| 650 | 7 | |a objektová analýza |2 stusub | |
| 650 | 7 | |a produktivita práce |2 stusub | |
| 650 | 7 | |a programovanie |2 stusub | |
| 700 | 1 | |a Važan, Pavel, |d 1962- |4 xxx |u M6000 |U MTF Materiálovotechnologická fakulta |T MTF Ústav aplikovanej informatiky, automatizácie a matematiky |X 323 |U M6000 |Y 86 |7 A000000323 | |
| 996 | |b 284M067441 |c M*DP-7154 |l MMSKP |s P |a 0 |w stu159049_0001 | ||